1794 1525 1308 1091 1303 1813 1007 1917 1682 1655 1014 1950 1721 1975 1708 1007 1148 1533 1038 1919 1695 1728 1623 1078 1972 1398 1909 1663 1392 1550 1125 1602 1090 1731 1760 1470 1380 1157 1842 1308 1969 1799 1055 1506 1098 1548 1613 1498 1285 1831 1879 1499 1498 1262 1892 1152 1277 1738 1412 1780 1299 1735 1477 1614 1462 1807 1746 1600 1963 1583 1433 1715 1685 1042 1697 1608 1150 1908 1576 1390 1967 1379 1502 1957 1841 1318 1274 1985 1486 1057 1850 1178 1007 1628 1608 1622 1213 1288 1980 BCNSPRNW ULIB Ver.6.0+V

เปลี่ยนเป็นภาษาไทย

Change to English
 แสดงรายละเอียดบรรณานุกรม
  กลับหน้าหลัก

Brief Record : Get Marc (ISO 2709) : E-mail record : QR code < ปิดหน้าต่าง
LEADER : 00000nam 2200000uu 4500
001    13399126761
003     ULIB
008    190301s2560||||th 000 0 tha d
020 ^9 ^a9786162046377
050 ^D ^aDQ26^bว357ส
100 0^ aวศิน เพิ่มทรัพย์
245 10 ^aSwiss สวิตเซอร์แลนด์เที่ยวเมืองเก่าขุนเขาเสียดฟ้าหลังคายุโรป/^cวศิน เพิ่มทรัพย์, วงศ์ประชา จันทร์สมวงศ์.
250 ^พ ^aพิมพ์ครั้งที่ 1
260 ^ก ^aกรุงเทพฯ :^bโปรวิชั่น,^c2560.
300 ^3 ^a319 หน้า :^bภาพประกอบ, แผนที่ ;^c21 ซม.
651 ^4 ^aสวิตเซอร์แลนด์^xภูมิประเทศและการท่องเที่ยว
651 ^4 ^aสวิตเซอร์แลนด์^xความเป็นอยู่และประเพณี
700 0^ aวงศ์ประชา จันทร์สมวงศ์
945    ^p385^l0^i27155
999    ^aกัณชพร จุลอักษร
รายการนี้ยังไม่มีแท็ก
คุณยังไม่ได้ล็อกอิน คุณสามารถมีกิจกรรมร่วมกับเว็บไซต์ได้ แต่ต้องล็อกอินก่อน ::
  ล็อกอิน

รายการสื่อสารสนเทศ

ลำดับที่ ประเภท เลขเรียก/บาร์โค้ด สถานที่ สถานะ
1. วิทยาศาสตร์การแพทย์ และสุขภาพ
วิทยาศาสตร์การแพทย์ และสุขภาพ
DQ26 ว357ส ฉ.1 
  Barcode: 27155
ห้องสมุดวิทยาเขตนครสวรรค์
►หนังสือทั่วไป:l:General Books
บนชั้น

รายการใกล้เคียง
    ชื่อเรื่อง [Swiss สวิตเซอร์แลนด์เที่ยวเมืองเก่าขุนเขาเสียดฟ้าหลังคายุโรป/ วศิน เพิ่มทรัพย์, วงศ์ประชา จันทร์สมวงศ์.]

BibComment


ยังไม่เคยถูกคอมเมนท์

คอมเมนท์ทรัพยากรรายการนี้
  คอมเมนท์: Swiss สวิตเซอร์แ..


 Copyright 2026. Bcnsprnw @Library